000
00302nam a2200145Ia 4500
100
_a
Hajra Choudhury/S.K
942
_c
BK
654
_a
Production Management
245
_a
Production Management
260
_b
MPP
_c
1998
082
_a
658.5
_b
HAJ
300
_a
525
546
_a
ENGLISH
999
_c
21486
_d
21486